000 00677nam a2200241Ia 4500
003 OSt
005 20220923223630.0
006 a|||||r|||| 00| 0
007 ta
008 220922b |||||||| |||| 00| 0 hin d
024 _a219,221
037 _cTextual
040 _aARTS
_cARTS
_bhin
041 _2hin
_ahin
082 _aO152,3M80,12, P3
100 _aप्रेमचंद
_9156277
245 0 _aग़बन
246 _aग़bana
260 _aदिल्ली
_b प्रकाशन संस्थान
_c2003
300 _a238i`
_ccm.
942 _hO152,3M80,12, P3
_cTEXL
_2CC
999 _c366515
_d366515